[Event "European Online Club-ch-H 2021"]
[Site "Online"]
[Date "2021.03.27"]
[Round "6.1"]
[White "Samani, Yamac"]
[Black "Manik, Mikulas"]
[Result "1/2-1/2"]
[WhiteElo "2246"]
[BlackElo "2353"]
[Annotator "NA"]
[PlyCount "84"]
[EventDate "2021.03.27"]
[EventType "team-tourn"]
[EventCountry "NET"]
[SourceTitle "playchess.com"]
[Source "ChessBase"]
[SourceQuality "1"]
[TimeControl "900+5"]

1. e4 {[%emt 0:00:00]} c5 {[%emt 0:00:05]} 2. Nf3 {[%emt 0:00:02]} d6 {[%emt 0:00:02]} 3. d4 {[%emt 0:00:01]} cxd4 {[%emt 0:00:02]} 4. Nxd4 {[%emt 0:00:01]} Nf6 {[%emt 0:00:02]} 5. Nc3 {[%emt 0:00:01]} a6 {[%emt 0:00:03]} 6. Be3 {[%emt 0:00:05]} e5 {[%emt 0:00:03]} 7. Nf3 {[%emt 0:00:01]} Qc7 {[%emt 0:00:11]} 8. h3 {[%emt 0:00:10]} Be7 {[%emt 0:00:04]} 9. g4 {[%emt 0:00:02]} h6 {[%emt 0:00:11]} 10. g5 {[%emt 0:00:03]} hxg5 {[%emt 0:00:02]} 11. Nxg5 {[%emt 0:00:01]} Be6 {[%emt 0:01:34]} 12. Rg1 {[%emt 0:01:46]} Bc4 {[%emt 0:00:38]} 13. Bxc4 {[%emt 0:00:04]} Qxc4 {[%emt 0:00:03]} 14. Qf3 {[%emt 0:00:59]} Nbd7 {[%emt 0:00:30]} 15. O-O-O {[%emt 0:00:13]} Rc8 {[%emt 0:00:08]} 16. Kb1 {[%emt 0:00:17]} Rf8 {[%emt 0:00:53]} 17. Rd2 {[%emt 0:00:52]} Qb4 {[%emt 0:00:33]} 18. a3 {[%emt 0:00:18]} Qa5 {[%emt 0:00:04]} 19. Nd5 {[%emt 0:01:27]} Nxd5 {[%emt 0:00:11]} 20. Rxd5 {[%emt 0:00:47]} Qc7 {[%emt 0:01:48]} 21. Rd2 {[%emt 0:00:22]} b5 {[%emt 0:00:37]} 22. Qh5 {[%emt 0:01:18]} Nf6 {[%emt 0:02:33]} 23. Qe2 {[%emt 0:00:09]} Qc4 {[%emt 0:00:26]} 24. Qxc4 {[%emt 0:02:15]} bxc4 {[%emt 0:00:40]} 25. c3 {[%emt 0:00:13]} Rh8 {[%emt 0:00:06]} 26. f4 {[%emt 0:00:23]} Rh4 {[%emt 0:01:31]} 27. Rf2 {[%emt 0:00:20]} Rc6 {[%emt 0:00:56]} 28. fxe5 {[%emt 0:00:46]} Nxe4 {[%emt 0:00:10]} 29. Nxe4 {[%emt 0:00:07]} Rxe4 {[%emt 0:00:03]} 30. exd6 {[%emt 0:00:05]} Rxe3 {[%emt 0:00:10]} 31. dxe7 {[%emt 0:00:03]} g6 {[%emt 0:00:06]} 32. Rgf1 {[%emt 0:00:59]} Rxe7 {[%emt 0:00:04]} 33. Rf6 {[%emt 0:00:15]} Rxf6 {[%emt 0:00:43]} 34. Rxf6 {[%emt 0:00:03]} Re6 {[%emt 0:00:10]} 35. Rf4 {[%emt 0:00:48]} Rc6 {[%emt 0:00:03]} 36. Kc2 {[%emt 0:00:08]} f5 {[%emt 0:00:09]} 37. h4 {[%emt 0:00:03]} Kf7 {[%emt 0:00:06]} 38. Kd2 {[%emt 0:00:17]} Kf6 {[%emt 0:00:04]} 39. Ke3 {[%emt 0:00:04]} g5 {[%emt 0:00:07]} 40. hxg5+ {[%emt 0:00:02]} Kxg5 {[%emt 0:00:02]} 41. Rd4 {[%emt 0:00:06]} Re6+ {[%emt 0:00:26]} 42. Kf3 {[%emt 0:00:04]} Rb6 {[%emt 0:00:05]} 1/2-1/2

[Event "European Online Club-ch-H 2021"]
[Site "Online"]
[Date "2021.03.27"]
[Round "6.2"]
[White "Danada, Tomas"]
[Black "Agdelen, Huseyin Can"]
[Result "1-0"]
[WhiteElo "2321"]
[BlackElo "2206"]
[Annotator "NA"]
[PlyCount "117"]
[EventDate "2021.03.27"]
[EventType "team-tourn"]
[EventCountry "NET"]
[SourceTitle "playchess.com"]
[Source "ChessBase"]
[SourceQuality "1"]
[TimeControl "900+5"]

1. d4 {[%emt 0:00:00]} d5 {[%emt 0:00:18]} 2. c4 {[%emt 0:00:03]} e6 {[%emt 0:00:01]} 3. Nf3 {[%emt 0:00:02]} Nf6 {[%emt 0:00:02]} 4. Nc3 {[%emt 0:00:01]} c6 {[%emt 0:00:01]} 5. g3 {[%emt 0:00:02]} dxc4 {[%emt 0:01:31]} 6. Bg2 {[%emt 0:00:01]} Nbd7 {[%emt 0:00:10]} 7. O-O {[%emt 0:00:02]} Bb4 {[%emt 0:00:09]} 8. Qc2 {[%emt 0:00:31]} O-O {[%emt 0:00:33]} 9. e4 {[%emt 0:00:02]} h6 {[%emt 0:00:30]} 10. a4 {[%emt 0:00:29]} a5 {[%emt 0:00:10]} 11. e5 {[%emt 0:02:02]} Nd5 {[%emt 0:01:04]} 12. Nd2 {[%emt 0:01:05]} f5 {[%emt 0:00:59]} 13. Nxc4 {[%emt 0:00:48]} N7b6 {[%emt 0:00:28]} 14. Ne3 {[%emt 0:00:35]} Bd7 {[%emt 0:00:56]} 15. Bd2 {[%emt 0:00:33]} Qe7 {[%emt 0:00:33]} 16. Rac1 {[%emt 0:00:18]} Rac8 {[%emt 0:00:07]} 17. Qb3 {[%emt 0:00:36]} Rfd8 {[%emt 0:03:46]} 18. Ncxd5 {[%emt 0:01:50]} cxd5 {[%emt 0:00:09]} 19. Bxb4 {[%emt 0:00:13]} Qxb4 {[%emt 0:00:40]} 20. Qxb4 {[%emt 0:00:07]} axb4 {[%emt 0:00:00]} 21. b3 {[%emt 0:00:15]} Kf8 {[%emt 0:02:34]} 22. f4 {[%emt 0:01:39]} Ke7 {[%emt 0:00:17]} 23. Kf2 {[%emt 0:00:02]} Be8 {[%emt 0:00:55]} 24. Ke2 {[%emt 0:00:22]} Nd7 {[%emt 0:00:07]} 25. Kd2 {[%emt 0:00:11]} Nb8 {[%emt 0:00:04]} 26. Rxc8 {[%emt 0:01:35]} Rxc8 {[%emt 0:00:03]} 27. Rc1 {[%emt 0:00:01]} Nc6 {[%emt 0:00:34]} 28. Bf1 {[%emt 0:00:59]} Bd7 {[%emt 0:00:09]} 29. Nc2 {[%emt 0:00:16]} Na5 {[%emt 0:00:11]} 30. Na1 {[%emt 0:00:22]} Rg8 {[%emt 0:00:12]} 31. Rc5 {[%emt 0:02:25]} Nc6 {[%emt 0:00:12]} 32. Nc2 {[%emt 0:00:03]} g5 {[%emt 0:00:02]} 33. fxg5 {[%emt 0:00:01]} hxg5 {[%emt 0:00:00]} 34. Bb5 {[%emt 0:00:09]} Rh8 {[%emt 0:00:06]} 35. Bxc6 {[%emt 0:00:06]} Rxh2+ {[%emt 0:00:02]} 36. Kd3 {[%emt 0:00:01]} Bxc6 {[%emt 0:00:08]} 37. Nxb4 {[%emt 0:00:02]} Bd7 {[%emt 0:00:04]} 38. Rc7 {[%emt 0:00:07]} Rh3 {[%emt 0:00:08]} 39. Rxb7 {[%emt 0:00:04]} Rxg3+ {[%emt 0:00:01]} 40. Kc2 {[%emt 0:00:02]} Kd8 {[%emt 0:00:04]} 41. a5 {[%emt 0:00:05]} Rg2+ {[%emt 0:00:03]} 42. Kb1 {[%emt 0:00:03]} Kc8 {[%emt 0:00:20]} 43. a6 {[%emt 0:00:06]} Rh2 {[%emt 0:00:02]} 44. Rb6 {[%emt 0:00:14]} Kc7 {[%emt 0:00:04]} 45. Rb7+ {[%emt 0:00:03]} Kc8 {[%emt 0:00:02]} 46. Nd3 {[%emt 0:00:07]} g4 {[%emt 0:00:08]} 47. Nc5 {[%emt 0:00:02]} Bc6 {[%emt 0:00:06]} 48. Rg7 {[%emt 0:00:10]} Kb8 {[%emt 0:00:05]} 49. b4 {[%emt 0:00:06]} Rd2 {[%emt 0:00:06]} 50. Nxe6 {[%emt 0:00:03]} Rd3 {[%emt 0:00:04]} 51. b5 {[%emt 0:00:06]} Rb3+ {[%emt 0:00:02]} 52. Kc2 {[%emt 0:00:01]} Rxb5 {[%emt 0:00:00]} 53. a7+ {[%emt 0:00:02]} Ka8 {[%emt 0:00:14]} 54. Nc7+ {[%emt 0:00:01]} Kxa7 {[%emt 0:00:01]} 55. Nxb5+ {[%emt 0:00:02]} Kb6 {[%emt 0:00:01]} 56. Nd6 {[%emt 0:00:02]} Ba4+ {[%emt 0:00:06]} 57. Kd3 {[%emt 0:00:05]} Bd1 {[%emt 0:00:03]} 58. e6 {[%emt 0:00:08]} g3 {[%emt 0:00:10]} 59. e7 {[%emt 0:00:07]} 1-0

[Event "European Online Club-ch-H 2021"]
[Site "Online"]
[Date "2021.03.27"]
[Round "6.3"]
[White "Sertbay, Huseyin"]
[Black "Zambor, Norbert"]
[Result "1-0"]
[WhiteElo "2101"]
[BlackElo "2260"]
[Annotator "NA"]
[PlyCount "179"]
[EventDate "2021.03.27"]
[EventType "team-tourn"]
[EventCountry "NET"]
[SourceTitle "playchess.com"]
[Source "ChessBase"]
[SourceQuality "1"]
[TimeControl "900+5"]

1. d4 {[%emt 0:00:00]} c5 {[%emt 0:00:05]} 2. d5 {[%emt 0:00:02]} d6 {[%emt 0:00:03]} 3. c4 {[%emt 0:00:02]} Nf6 {[%emt 0:00:02]} 4. Nc3 {[%emt 0:00:02]} g6 {[%emt 0:00:03]} 5. h3 {[%emt 0:00:03]} Bg7 {[%emt 0:00:02]} 6. Nf3 {[%emt 0:00:01]} O-O {[%emt 0:00:02]} 7. Bf4 {[%emt 0:00:06]} Na6 {[%emt 0:01:38]} 8. e3 {[%emt 0:00:51]} Nc7 {[%emt 0:00:23]} 9. Be2 {[%emt 0:00:41]} a6 {[%emt 0:00:24]} 10. a4 {[%emt 0:00:12]} Rb8 {[%emt 0:00:43]} 11. O-O {[%emt 0:00:12]} Bd7 {[%emt 0:00:16]} 12. a5 {[%emt 0:00:44]} b5 {[%emt 0:00:17]} 13. axb6 {[%emt 0:00:02]} Rxb6 {[%emt 0:00:02]} 14. Qc2 {[%emt 0:00:13]} Qb8 {[%emt 0:01:37]} 15. Rfb1 {[%emt 0:00:36]} Qb7 {[%emt 0:00:15]} 16. Nd2 {[%emt 0:00:07]} Rb8 {[%emt 0:00:13]} 17. b3 {[%emt 0:00:01]} Bf5 {[%emt 0:00:56]} 18. e4 {[%emt 0:00:16]} Bd7 {[%emt 0:00:14]} 19. Ra3 {[%emt 0:01:03]} e6 {[%emt 0:01:10]} 20. Bg3 {[%emt 0:00:11]} exd5 {[%emt 0:00:11]} 21. cxd5 {[%emt 0:00:05]} Nb5 {[%emt 0:00:32]} 22. Nxb5 {[%emt 0:00:20]} Bxb5 {[%emt 0:00:59]} 23. Bc4 {[%emt 0:01:33]} Nd7 {[%emt 0:00:26]} 24. f4 {[%emt 0:00:04]} Nf6 {[%emt 0:00:58]} 25. Re1 {[%emt 0:01:07]} Nh5 {[%emt 0:01:06]} 26. Bh2 {[%emt 0:00:03]} Bd4+ {[%emt 0:01:10]} 27. Kh1 {[%emt 0:00:02]} Bf2 {[%emt 0:00:16]} 28. Rf1 {[%emt 0:00:52]} Ng3+ {[%emt 0:00:08]} 29. Bxg3 {[%emt 0:00:02]} Bxg3 {[%emt 0:00:02]} 30. Qd3 {[%emt 0:00:04]} Bh4 {[%emt 0:00:12]} 31. e5 {[%emt 0:00:06]} Bxc4 {[%emt 0:00:20]} 32. bxc4 {[%emt 0:00:16]} Re8 {[%emt 0:02:26]} 33. exd6 {[%emt 0:00:18]} Rxd6 {[%emt 0:00:14]} 34. Ne4 {[%emt 0:00:01]} Rdd8 {[%emt 0:00:08]} 35. Nxc5 {[%emt 0:00:04]} Qb2 {[%emt 0:00:12]} 36. Qf3 {[%emt 0:03:55]} Qd4 {[%emt 0:00:05]} 37. Nxa6 {[%emt 0:00:36]} Qxc4 {[%emt 0:00:02]} 38. f5 {[%emt 0:00:07]} Rf8 {[%emt 0:00:09]} 39. Rd1 {[%emt 0:00:27]} Rd6 {[%emt 0:00:02]} 40. Qd3 {[%emt 0:00:15]} Qxd3 {[%emt 0:00:04]} 41. Rdxd3 {[%emt 0:00:02]} Ra8 {[%emt 0:00:06]} 42. Ra4 {[%emt 0:00:43]} Bf6 {[%emt 0:00:06]} 43. Nc5 {[%emt 0:00:03]} Rxa4 {[%emt 0:00:04]} 44. Nxa4 {[%emt 0:00:01]} Ra6 {[%emt 0:00:02]} 45. Nc5 {[%emt 0:00:27]} Ra1+ {[%emt 0:00:07]} 46. Kh2 {[%emt 0:00:01]} Be5+ {[%emt 0:00:02]} 47. g3 {[%emt 0:00:01]} Ra2+ {[%emt 0:00:04]} 48. Kh1 {[%emt 0:00:03]} Ra1+ {[%emt 0:00:09]} 49. Kg2 {[%emt 0:00:03]} Ra2+ {[%emt 0:00:06]} 50. Kf3 {[%emt 0:00:03]} Bd6 {[%emt 0:00:05]} 51. Ne4 {[%emt 0:00:02]} Ra6 {[%emt 0:00:03]} 52. Nxd6 {[%emt 0:00:05]} Rxd6 {[%emt 0:00:02]} 53. Ke4 {[%emt 0:00:02]} Kf8 {[%emt 0:00:11]} 54. Ke5 {[%emt 0:00:04]} Ke7 {[%emt 0:00:02]} 55. fxg6 {[%emt 0:00:10]} hxg6 {[%emt 0:00:07]} 56. Ra3 {[%emt 0:00:11]} f6+ {[%emt 0:00:02]} 57. Ke4 {[%emt 0:00:01]} Rb6 {[%emt 0:00:09]} 58. Kd4 {[%emt 0:00:56]} Kd6 {[%emt 0:00:08]} 59. Kc4 {[%emt 0:00:01]} f5 {[%emt 0:00:07]} 60. h4 {[%emt 0:00:05]} Ke5 {[%emt 0:00:06]} 61. Re3+ {[%emt 0:00:03]} Kf6 {[%emt 0:00:01]} 62. Kc5 {[%emt 0:00:05]} Rb1 {[%emt 0:00:02]} 63. d6 {[%emt 0:00:07]} Rc1+ {[%emt 0:00:04]} 64. Kb6 {[%emt 0:00:02]} Rd1 {[%emt 0:00:05]} 65. Kc7 {[%emt 0:00:01]} Rc1+ {[%emt 0:00:08]} 66. Kd8 {[%emt 0:00:02]} g5 {[%emt 0:00:09]} 67. h5 {[%emt 0:00:06]} f4 {[%emt 0:00:02]} 68. gxf4 {[%emt 0:00:02]} gxf4 {[%emt 0:00:02]} 69. Re7 {[%emt 0:00:15]} f3 {[%emt 0:00:03]} 70. Re8 {[%emt 0:00:12]} Kg5 {[%emt 0:00:08]} 71. Rf8 {[%emt 0:00:06]} Kxh5 {[%emt 0:00:09]} 72. Rxf3 {[%emt 0:00:02]} Kg4 {[%emt 0:00:02]} 73. Rf2 {[%emt 0:00:02]} Kg5 {[%emt 0:00:08]} 74. d7 {[%emt 0:00:03]} Kg6 {[%emt 0:00:02]} 75. Rf4 {[%emt 0:00:33]} Kg7 {[%emt 0:00:07]} 76. Ke7 {[%emt 0:00:27]} Re1+ {[%emt 0:00:03]} 77. Kd6 {[%emt 0:00:02]} Rd1+ {[%emt 0:00:03]} 78. Kc6 {[%emt 0:00:02]} Kg8 {[%emt 0:00:10]} 79. Rf5 {[%emt 0:00:12]} Rc1+ {[%emt 0:00:07]} 80. Kd6 {[%emt 0:00:06]} Rd1+ {[%emt 0:00:03]} 81. Rd5 {[%emt 0:00:02]} Rxd5+ {[%emt 0:00:03]} 82. Kxd5 {[%emt 0:00:01]} Kf7 {[%emt 0:00:01]} 83. d8=Q {[%emt 0:00:03]} Kg6 {[%emt 0:00:02]} 84. Qf8 {[%emt 0:00:01]} Kh7 {[%emt 0:00:04]} 85. Qf2 {[%emt 0:00:05]} Kg6 {[%emt 0:00:02]} 86. Ke6 {[%emt 0:00:01]} Kg5 {[%emt 0:00:02]} 87. Qf3 {[%emt 0:00:04]} Kh4 {[%emt 0:00:02]} 88. Qg2 {[%emt 0:00:03]} Kh5 {[%emt 0:00:02]} 89. Kf5 {[%emt 0:00:02]} Kh4 {[%emt 0:00:02]} 90. Qg4# {[%emt 0:00:02]} 1-0

[Event "European Online Club-ch-H 2021"]
[Site "Online"]
[Date "2021.03.27"]
[Round "6.4"]
[White "Kusiak, Matej"]
[Black "Atasoy, Ata"]
[Result "1-0"]
[WhiteElo "2251"]
[BlackElo "1636"]
[Annotator "NA"]
[PlyCount "139"]
[EventDate "2021.03.27"]
[EventType "team-tourn"]
[EventCountry "NET"]
[SourceTitle "playchess.com"]
[Source "ChessBase"]
[SourceQuality "1"]
[TimeControl "900+5"]

1. e4 {[%emt 0:00:00]} c5 {[%emt 0:00:08]} 2. Nf3 {[%emt 0:00:03]} e6 {[%emt 0:00:02]} 3. d4 {[%emt 0:00:01]} cxd4 {[%emt 0:00:00]} 4. Nxd4 {[%emt 0:00:01]} a6 {[%emt 0:00:01]} 5. c4 {[%emt 0:00:01]} Nf6 {[%emt 0:00:03]} 6. Nc3 {[%emt 0:00:02]} Qc7 {[%emt 0:00:03]} 7. a3 {[%emt 0:00:27]} b6 {[%emt 0:00:04]} 8. Bd3 {[%emt 0:00:02]} Bb7 {[%emt 0:00:04]} 9. O-O {[%emt 0:00:02]} Be7 {[%emt 0:00:03]} 10. Re1 {[%emt 0:00:17]} d6 {[%emt 0:00:03]} 11. Be3 {[%emt 0:00:16]} O-O {[%emt 0:00:05]} 12. Rc1 {[%emt 0:00:02]} Nbd7 {[%emt 0:00:02]} 13. f3 {[%emt 0:00:02]} Rac8 {[%emt 0:00:07]} 14. Bf1 {[%emt 0:00:02]} Rfe8 {[%emt 0:00:06]} 15. Qd2 {[%emt 0:00:26]} Qb8 {[%emt 0:01:16]} 16. h3 {[%emt 0:01:22]} Bd8 {[%emt 0:02:56]} 17. Bf2 {[%emt 0:01:37]} Bc7 {[%emt 0:01:25]} 18. f4 {[%emt 0:00:28]} Nc5 {[%emt 0:02:59]} 19. Qc2 {[%emt 0:00:44]} g6 {[%emt 0:01:39]} 20. b4 {[%emt 0:00:15]} Ncd7 {[%emt 0:00:03]} 21. f5 {[%emt 0:00:34]} exf5 {[%emt 0:00:44]} 22. exf5 {[%emt 0:00:20]} Ne5 {[%emt 0:00:27]} 23. fxg6 {[%emt 0:00:10]} hxg6 {[%emt 0:00:22]} 24. Bh4 {[%emt 0:00:09]} Nfd7 {[%emt 0:01:42]} 25. Qf2 {[%emt 0:00:50]} Bd8 {[%emt 0:00:19]} 26. Bxd8 {[%emt 0:00:23]} Rexd8 {[%emt 0:00:45]} 27. Ne4 {[%emt 0:00:41]} Bxe4 {[%emt 0:00:13]} 28. Rxe4 {[%emt 0:00:04]} d5 {[%emt 0:00:08]} 29. Rh4 {[%emt 0:00:25]} dxc4 {[%emt 0:00:24]} 30. Qf4 {[%emt 0:01:09]} Qd6 {[%emt 0:00:43]} 31. Qh6 {[%emt 0:00:21]} Qf6 {[%emt 0:00:06]} 32. Qh7+ {[%emt 0:03:29]} Kf8 {[%emt 0:00:03]} 33. Be2 {[%emt 0:00:01]} Qg7 {[%emt 0:00:23]} 34. Rf1 {[%emt 0:00:19]} Qxh7 {[%emt 0:00:05]} 35. Rxh7 {[%emt 0:00:02]} Kg8 {[%emt 0:00:03]} 36. Rh4 {[%emt 0:00:02]} Nb8 {[%emt 0:00:11]} 37. Re4 {[%emt 0:00:12]} Nbc6 {[%emt 0:00:04]} 38. Nxc6 {[%emt 0:00:04]} Nxc6 {[%emt 0:00:04]} 39. Bxc4 {[%emt 0:00:02]} Rc7 {[%emt 0:00:08]} 40. Bxa6 {[%emt 0:00:02]} Rd2 {[%emt 0:00:08]} 41. Rc4 {[%emt 0:00:14]} Ra7 {[%emt 0:00:05]} 42. b5 {[%emt 0:00:25]} Ne5 {[%emt 0:00:03]} 43. Re4 {[%emt 0:00:03]} Rd5 {[%emt 0:00:05]} 44. a4 {[%emt 0:00:02]} Kg7 {[%emt 0:00:02]} 45. Rfe1 {[%emt 0:00:04]} f6 {[%emt 0:00:02]} 46. Rc1 {[%emt 0:00:03]} Rd2 {[%emt 0:00:03]} 47. Kf1 {[%emt 0:00:09]} Ra2 {[%emt 0:00:09]} 48. Rd1 {[%emt 0:00:08]} Ra3 {[%emt 0:00:12]} 49. Red4 {[%emt 0:00:16]} Re7 {[%emt 0:00:06]} 50. Re1 {[%emt 0:00:05]} Rc7 {[%emt 0:00:04]} 51. Rd2 {[%emt 0:00:08]} Rcc3 {[%emt 0:00:04]} 52. Rd6 {[%emt 0:00:14]} Nd3 {[%emt 0:00:06]} 53. Re7+ {[%emt 0:00:12]} Kh6 {[%emt 0:00:03]} 54. Kg1 {[%emt 0:00:38]} Rc2 {[%emt 0:00:07]} 55. Rxf6 {[%emt 0:00:07]} Raa2 {[%emt 0:00:04]} 56. Bb7 {[%emt 0:00:03]} Kg5 {[%emt 0:00:06]} 57. Rf1 {[%emt 0:00:03]} Nf4 {[%emt 0:00:04]} 58. h4+ {[%emt 0:00:12]} Kf6 {[%emt 0:00:06]} 59. Re8 {[%emt 0:00:10]} g5 {[%emt 0:00:06]} 60. hxg5+ {[%emt 0:00:03]} Kxg5 {[%emt 0:00:02]} 61. Rg8+ {[%emt 0:00:01]} Ng6 {[%emt 0:00:01]} 62. Be4 {[%emt 0:00:03]} Rd2 {[%emt 0:00:10]} 63. Rxg6+ {[%emt 0:00:03]} Kh5 {[%emt 0:00:01]} 64. Rg3 {[%emt 0:00:07]} Rxa4 {[%emt 0:00:05]} 65. Rf5+ {[%emt 0:00:04]} Kh4 {[%emt 0:00:03]} 66. Rh3+ {[%emt 0:00:03]} Kg4 {[%emt 0:00:02]} 67. Re5 {[%emt 0:00:21]} Kf4 {[%emt 0:00:12]} 68. Re8 {[%emt 0:00:01]} Re2 {[%emt 0:00:08]} 69. Rf3+ {[%emt 0:00:06]} Kg5 {[%emt 0:00:04]} 70. Rg8+ {[%emt 0:00:01]} 1-0

[Event "European Online Club-ch-H 2021"]
[Site "Online"]
[Date "2021.03.27"]
[Round "6.5"]
[White "Vaisser, Anatoly"]
[Black "Kazakov, Mikhail"]
[Result "0-1"]
[WhiteElo "2501"]
[BlackElo "2516"]
[Annotator "ChessBase"]
[PlyCount "70"]
[EventDate "2021.03.27"]
[EventType "team-tourn"]
[EventCountry "NET"]
[SourceTitle "playchess.com"]
[Source "ChessBase"]
[SourceQuality "1"]
[TimeControl "900+5"]

1. d4 {[%emt 0:00:00]} d5 {[%emt 0:00:12]} 2. c4 {[%emt 0:00:03]} c6 {[%emt 0:00:01]} 3. cxd5 {[%emt 0:00:03]} cxd5 {[%emt 0:00:02]} 4. Bf4 {[%emt 0:00:04]} Nf6 {[%emt 0:00:07]} 5. e3 {[%emt 0:00:04]} Nc6 {[%emt 0:00:09]} 6. Nc3 {[%emt 0:00:03]} a6 {[%emt 0:00:06]} 7. Bd3 {[%emt 0:00:07]} e6 {[%emt 0:00:03]} 8. Rc1 {[%emt 0:00:09]} Be7 {[%emt 0:00:11]} 9. h3 {[%emt 0:00:25]} O-O {[%emt 0:00:12]} 10. Nf3 {[%emt 0:00:19]} Bd7 {[%emt 0:00:12]} 11. g4 {[%emt 0:00:14]} Rc8 {[%emt 0:01:57]} 12. g5 {[%emt 0:00:22]} Nh5 {[%emt 0:00:15]} 13. Bh2 {[%emt 0:00:21]} g6 {[%emt 0:01:21]} 14. h4 {[%emt 0:00:11]} b5 {[%emt 0:00:50]} 15. Ne5 {[%emt 0:00:45]} Nxe5 {[%emt 0:00:07]} 16. Bxe5 {[%emt 0:00:05]} b4 {[%emt 0:00:15]} 17. Ne2 {[%emt 0:00:09]} Rxc1 {[%emt 0:00:22]} 18. Nxc1 {[%emt 0:00:21]} Bb5 {[%emt 0:00:31]} 19. Bxb5 {[%emt 0:00:21]} axb5 {[%emt 0:00:03]} 20. Nd3 {[%emt 0:00:23]} Qa5 {[%emt 0:00:16]} 21. Qb3 {[%emt 0:00:24]} Rc8 {[%emt 0:00:18]} 22. Ke2 {[%emt 0:00:46]} Rc4 {[%emt 0:00:20]} 23. Bh2 {[%emt 0:00:40]} Ng7 {[%emt 0:01:14]} 24. Ne5 {[%emt 0:00:15]} Qa8 {[%emt 0:00:24]} 25. Rd1 {[%emt 0:00:26]} Nf5 {[%emt 0:00:12]} 26. Nxc4 {[%emt 0:01:07]} bxc4 {[%emt 0:02:04]} 27. Qc2 {[%emt 0:00:03]} Qxa2 {[%emt 0:00:03]} 28. e4 {[%emt 0:02:14]} dxe4 {[%emt 0:01:12]} 29. d5 {[%emt 0:00:28]} exd5 {[%emt 0:00:47]} 30. Rxd5 {[%emt 0:00:20]} c3 {[%emt 0:00:36]} 31. Qxe4 {[%emt 0:01:21]} cxb2 {[%emt 0:00:13]} 32. Rd8+ {[%emt 0:00:29]} Bxd8 {[%emt 0:00:06]} 33. Qe8+ {[%emt 0:00:04]} Kg7 {[%emt 0:00:01]} 34. Be5+ {[%emt 0:00:05]} f6 {[%emt 0:00:03]} 35. Qd7+ {[%emt 0:04:33]} Qf7 {[%emt 0:00:54]} 0-1

[Event "European Online Club-ch-H 2021"]
[Site "Online"]
[Date "2021.03.27"]
[Round "6.6"]
[White "Sabuk, Piotr"]
[Black "Roux, Olivier"]
[Result "1-0"]
[WhiteElo "2366"]
[BlackElo "2156"]
[Annotator "NA"]
[PlyCount "89"]
[EventDate "2021.03.27"]
[EventType "team-tourn"]
[EventCountry "NET"]
[SourceTitle "playchess.com"]
[Source "ChessBase"]
[SourceQuality "1"]
[TimeControl "900+5"]

1. d4 {[%emt 0:00:00]} c5 {[%emt 0:00:04]} 2. d5 {[%emt 0:00:02]} Nf6 {[%emt 0:00:03]} 3. Nc3 {[%emt 0:00:03]} d6 {[%emt 0:00:03]} 4. e4 {[%emt 0:00:02]} g6 {[%emt 0:00:01]} 5. Nf3 {[%emt 0:00:07]} Bg7 {[%emt 0:00:01]} 6. Be2 {[%emt 0:00:07]} O-O {[%emt 0:00:44]} 7. O-O {[%emt 0:00:02]} Bg4 {[%emt 0:00:21]} 8. h3 {[%emt 0:00:45]} Bxf3 {[%emt 0:00:04]} 9. Bxf3 {[%emt 0:00:02]} Nbd7 {[%emt 0:00:16]} 10. Be2 {[%emt 0:00:02]} a6 {[%emt 0:00:12]} 11. a4 {[%emt 0:00:02]} b6 {[%emt 0:00:07]} 12. Be3 {[%emt 0:00:10]} Qc7 {[%emt 0:00:07]} 13. Qd2 {[%emt 0:00:25]} Rfd8 {[%emt 0:00:24]} 14. b3 {[%emt 0:00:15]} Qb7 {[%emt 0:00:32]} 15. Rad1 {[%emt 0:00:33]} Rac8 {[%emt 0:00:32]} 16. f3 {[%emt 0:00:42]} Ne8 {[%emt 0:00:21]} 17. f4 {[%emt 0:00:19]} Nc7 {[%emt 0:00:11]} 18. Bf3 {[%emt 0:00:07]} b5 {[%emt 0:01:10]} 19. e5 {[%emt 0:00:09]} Nf8 {[%emt 0:00:17]} 20. e6 {[%emt 0:00:07]} fxe6 {[%emt 0:01:41]} 21. dxe6 {[%emt 0:00:04]} Bxc3 {[%emt 0:00:42]} 22. Qxc3 {[%emt 0:00:26]} d5 {[%emt 0:00:04]} 23. f5 {[%emt 0:01:01]} Qb6 {[%emt 0:00:37]} 24. Bxc5 {[%emt 0:00:31]} Qc6 {[%emt 0:00:15]} 25. Qe3 {[%emt 0:01:09]} gxf5 {[%emt 0:01:20]} 26. Bxe7 {[%emt 0:01:44]} Re8 {[%emt 0:00:42]} 27. Qg5+ {[%emt 0:01:44]} Ng6 {[%emt 0:00:05]} 28. Bf6 {[%emt 0:00:06]} Qxe6 {[%emt 0:00:12]} 29. Bd4 {[%emt 0:00:02]} Rcd8 {[%emt 0:01:06]} 30. h4 {[%emt 0:00:31]} Qd6 {[%emt 0:00:35]} 31. h5 {[%emt 0:00:19]} Ne6 {[%emt 0:00:04]} 32. Qxf5 {[%emt 0:00:41]} Nxd4 {[%emt 0:00:11]} 33. Rxd4 {[%emt 0:00:05]} Ne5 {[%emt 0:00:58]} 34. Bxd5+ {[%emt 0:00:31]} Kh8 {[%emt 0:00:09]} 35. Rfd1 {[%emt 0:00:35]} Rf8 {[%emt 0:00:54]} 36. Qxh7+ {[%emt 0:00:15]} Kxh7 {[%emt 0:00:03]} 37. Be4+ {[%emt 0:00:01]} Kh6 {[%emt 0:00:03]} 38. Rxd6+ {[%emt 0:00:03]} Rxd6 {[%emt 0:00:03]} 39. Rxd6+ {[%emt 0:00:02]} Kxh5 {[%emt 0:00:01]} 40. a5 {[%emt 0:00:43]} Kg4 {[%emt 0:00:09]} 41. Rxa6 {[%emt 0:00:04]} Kf4 {[%emt 0:00:05]} 42. Bd5 {[%emt 0:00:18]} Ke3 {[%emt 0:00:11]} 43. Re6 {[%emt 0:00:14]} Kd4 {[%emt 0:00:02]} 44. Bb7 {[%emt 0:00:06]} Ng4 {[%emt 0:00:40]} 45. Re4+ {[%emt 0:00:07]} 1-0

[Event "European Online Club-ch-H 2021"]
[Site "Online"]
[Date "2021.03.27"]
[Round "6.7"]
[White "Kirszenberg, Marc"]
[Black "Valuet, Bertrand"]
[Result "1/2-1/2"]
[WhiteElo "2130"]
[BlackElo "2217"]
[Annotator "NA"]
[PlyCount "61"]
[EventDate "2021.03.27"]
[EventType "team-tourn"]
[EventCountry "NET"]
[SourceTitle "playchess.com"]
[Source "ChessBase"]
[SourceQuality "1"]
[TimeControl "900+5"]

1. d4 {[%emt 0:00:00]} Nf6 {[%emt 0:00:04]} 2. c4 {[%emt 0:00:02]} e6 {[%emt 0:00:01]} 3. Nc3 {[%emt 0:00:02]} Bb4 {[%emt 0:00:03]} 4. f3 {[%emt 0:00:01]} d5 {[%emt 0:00:13]} 5. a3 {[%emt 0:00:02]} Bxc3+ {[%emt 0:00:03]} 6. bxc3 {[%emt 0:00:01]} c5 {[%emt 0:00:06]} 7. cxd5 {[%emt 0:00:02]} Nxd5 {[%emt 0:00:03]} 8. dxc5 {[%emt 0:00:02]} f5 {[%emt 0:00:02]} 9. c4 {[%emt 0:00:02]} Qh4+ {[%emt 0:01:00]} 10. g3 {[%emt 0:00:03]} Qxc4 {[%emt 0:00:02]} 11. e4 {[%emt 0:00:04]} Qc3+ {[%emt 0:00:02]} 12. Bd2 {[%emt 0:00:03]} Qe5 {[%emt 0:00:02]} 13. Bg2 {[%emt 0:00:45]} fxe4 {[%emt 0:00:18]} 14. f4 {[%emt 0:00:07]} Qf5 {[%emt 0:01:28]} 15. Qc2 {[%emt 0:00:41]} Nf6 {[%emt 0:00:46]} 16. Be3 {[%emt 0:01:31]} O-O {[%emt 0:03:00]} 17. Nh3 {[%emt 0:00:27]} Nd5 {[%emt 0:01:46]} 18. Qd2 {[%emt 0:01:06]} Nd7 {[%emt 0:00:45]} 19. Ng5 {[%emt 0:00:07]} Nxe3 {[%emt 0:00:09]} 20. Qxe3 {[%emt 0:00:02]} Nxc5 {[%emt 0:00:08]} 21. Nxe4 {[%emt 0:00:10]} Nxe4 {[%emt 0:00:25]} 22. Bxe4 {[%emt 0:00:03]} Qa5+ {[%emt 0:00:06]} 23. Kf2 {[%emt 0:00:32]} Bd7 {[%emt 0:00:24]} 24. Rhc1 {[%emt 0:00:11]} e5 {[%emt 0:01:03]} 25. Rc5 {[%emt 0:02:30]} Qa4 {[%emt 0:00:05]} 26. Rxe5 {[%emt 0:00:09]} Rae8 {[%emt 0:00:04]} 27. Bd5+ {[%emt 0:00:35]} Kh8 {[%emt 0:00:06]} 28. Re1 {[%emt 0:00:45]} Rxe5 {[%emt 0:00:13]} 29. Qxe5 {[%emt 0:00:04]} Qxa3 {[%emt 0:00:04]} 30. Bxb7 {[%emt 0:00:32]} Bg4 {[%emt 0:00:16]} 31. Qe7 {[%emt 0:01:09]} 1/2-1/2